BIBLIOTECA

SENCICO

Usarquitectos / (Registro nro. 1797)

Detalles MARC
000 -LEADER
fixed length control field 01261nam a2200253Ia 4500
003 - CONTROL NUMBER IDENTIFIER
control field PE SENCICO BE
005 - DATE AND TIME OF LATEST TRANSACTION
control field 20260219145239.0
008 - FIXED-LENGTH DATA ELEMENTS--GENERAL INFORMATION
fixed length control field 200515s9999 xx 000 0 und d
020 ## - INTERNATIONAL STANDARD BOOK NUMBER
International Standard Book Number 978-9962-04-099-6
040 ## - CATALOGING SOURCE
Original cataloging agency PE SENCICO BE
Transcribing agency PE SENCICO BE
041 ## - LANGUAGE CODE
Language code of text/sound track or separate title spa
082 ## - DEWEY DECIMAL CLASSIFICATION NUMBER
Classification number 720.9273
Item number A81
100 1# - MAIN ENTRY--PERSONAL NAME
Personal name Asensio, Óscar
9 (RLIN) 18
Relator term autor
245 10 - TITLE STATEMENT
Title Usarquitectos /
Statement of responsibility, etc. Óscar Asensio ; editor: Santi Alvarez Dieli
250 ## - EDITION STATEMENT
Edition statement [1a ed.]
260 ## - PUBLICATION, DISTRIBUTION, ETC.
Place of publication, distribution, etc. China :
Name of publisher, distributor, etc. Lexus,
Date of publication, distribution, etc. 2014
300 ## - PHYSICAL DESCRIPTION
Extent 199 páginas :
Other physical details ilustraciones a color, láminas, gráficos ;
Dimensions 33 cm.
505 0# - FORMATTED CONTENTS NOTE
Formatted contents note Grangegorman Dit -- Santa Mónica Civic Cnter Parking Structure -- Kanai Retreat -- Oficinas Leblon -- Liberty Plaza -- Residencia Starwood -- ISTB3 -- Uptown -- The Waffle -- Carl and Ruth Shapiro Admission Center Brandeis University -- John W Olver Transit Center -- Acadia Parish Conference Center -- Baton Rouge Municipal -- Zhengzou Mixed development -- Gates Vascular Institute -- Jack Nicklaus Golf Club Korea -- Centrifugal Villa
520 3# - SUMMARY, ETC.
Summary, etc. Selección de arquitectos de Estados Unidos con sus obras y ejemplos a todo color.
650 10 - SUBJECT ADDED ENTRY--TOPICAL TERM
Topical term or geographic name entry element Arquitectos
9 (RLIN) 317
651 #0 - SUBJECT ADDED ENTRY--GEOGRAPHIC NAME
Geographic name Estados Unidos
9 (RLIN) 318
700 1# - ADDED ENTRY--PERSONAL NAME
Personal name Alvarez Dieli, Santi
9 (RLIN) 113
Relator term editor
942 ## - ADDED ENTRY ELEMENTS (KOHA)
Koha item type Libros
Source of classification or shelving scheme Dewey Decimal Classification
Existencias
Fecha de la última vez que lo usaron Número de ingreso o de inventario Pago total Signatura topográfica completa Código de barras Precio efectivo desde Tipo de documento Estado perdido Sistema de clasificación Estado dañado No es para préstamo Retirado Ubicación permanente Ubicación actual Fecha de adquisición
26/11/2025     720.9273/A81 BibZareq25112585 26/11/2025 Libros   Dewey Decimal Classification       Biblioteca Arequipa Biblioteca Arequipa 26/11/2025
15/05/2020 15965   720.9273/A81 BibLima25112584 15/05/2020 Libros   Dewey Decimal Classification       Biblioteca Central Lima Biblioteca Central Lima 15/05/2020